[Event "Russian Blitz Championship (m)"]
[Site "Sochi"]
[Date "2022.10.14"]
[Round "9.8"]
[White "Faizrakhmanov, Ramil"]
[Black "Demidov, Mikhail"]
[Result "1-0"]
[BlackElo "2520"]
[WhiteElo "2421"]
[LiveChessVersion "1.4.8"]

1. d4 {[%clk 0:03:03]} g6 {[%clk 0:03:02]} 2. c4 {[%clk 0:03:04]} Bg7
{[%clk 0:03:04]} 3. e4 {[%clk 0:03:05]} d6 {[%clk 0:02:57]} 4. Nc3
{[%clk 0:02:59]} e5 {[%clk 0:02:58]} 5. d5 {[%clk 0:02:57]} a5 {[%clk 0:02:58]}
6. Bd3 {[%clk 0:02:55]} Na6 {[%clk 0:02:59]} 7. Nge2 {[%clk 0:02:54]} Nc5
{[%clk 0:02:29]} 8. Bc2 {[%clk 0:02:55]} Bh6 {[%clk 0:02:19]} 9. Bxh6
{[%clk 0:02:40]} Nxh6 {[%clk 0:02:20]} 10. Qd2 {[%clk 0:02:41]} Ng4
{[%clk 0:02:08]} 11. f3 {[%clk 0:02:26]} Nf6 {[%clk 0:02:07]} 12. O-O
{[%clk 0:02:19]} O-O {[%clk 0:02:06]} 13. b3 {[%clk 0:02:15]} Nh5
{[%clk 0:02:02]} 14. a3 {[%clk 0:02:15]} Bd7 {[%clk 0:01:47]} 15. b4
{[%clk 0:02:13]} Na6 {[%clk 0:01:46]} 16. Rab1 {[%clk 0:02:12]} Qe7
{[%clk 0:01:15]} 17. Qe3 {[%clk 0:01:38]} f5 {[%clk 0:01:10]} 18. exf5
{[%clk 0:01:38]} Bxf5 {[%clk 0:00:48]} 19. Bxf5 {[%clk 0:01:36]} gxf5
{[%clk 0:00:49]} 20. f4 {[%clk 0:01:35]} axb4 {[%clk 0:00:46]} 21. axb4
{[%clk 0:01:35]} Rae8 {[%clk 0:00:44]} 22. fxe5 {[%clk 0:01:34]} Qxe5
{[%clk 0:00:34]} 23. Qxe5 {[%clk 0:01:33]} Rxe5 {[%clk 0:00:29]} 24. Nd4
{[%clk 0:01:33]} Ng7 {[%clk 0:00:29]} 25. Ncb5 {[%clk 0:01:21]} Re4
{[%clk 0:00:27]} 26. Rf2 {[%clk 0:00:57]} Rf7 {[%clk 0:00:21]} 27. h3
{[%clk 0:00:52]} h5 {[%clk 0:00:20]} 28. Rc2 {[%clk 0:00:21]} Kh7
{[%clk 0:00:19]} 29. c5 {[%clk 0:00:19]} dxc5 {[%clk 0:00:12]} 30. bxc5
{[%clk 0:00:20]} Rd7 {[%clk 0:00:11]} 31. Nf3 {[%clk 0:00:10]} Kg6
{[%clk 0:00:07]} 32. d6 {[%clk 0:00:11]} cxd6 {[%clk 0:00:06]} 33. Nxd6
{[%clk 0:00:12]} Rb4 {[%clk 0:00:07]} 34. Rxb4 {[%clk 0:00:13]} Nxb4
{[%clk 0:00:09]} 35. Ne5+ {[%clk 0:00:14]} Kh7 {[%clk 0:00:08]} 36. Rb2
{[%clk 0:00:11]} Re7 {[%clk 0:00:09]} 37. Rxb4 {[%clk 0:00:11]} Rxe5
{[%clk 0:00:11]} 38. Nxb7 {[%clk 0:00:12]} Re1+ {[%clk 0:00:12]} 39. Kf2
{[%clk 0:00:13]} Rc1 {[%clk 0:00:13]} 40. Rb6 {[%clk 0:00:11]} h4
{[%clk 0:00:11]} 41. Ke3 {[%clk 0:00:12]} Nh5 {[%clk 0:00:09]} 42. Kd2
{[%clk 0:00:11]} Rc4 {[%clk 0:00:10]} 43. Kd3 {[%clk 0:00:13]} Rc1
{[%clk 0:00:11]} 44. Rb4 {[%clk 0:00:12]} f4 {[%clk 0:00:10]} 45. Rc4
{[%clk 0:00:13]} Rd1+ {[%clk 0:00:10]} 46. Ke2 {[%clk 0:00:12]} Rd7
{[%clk 0:00:09]} 47. c6 {[%clk 0:00:13]} Rc7 {[%clk 0:00:11]} 48. Nd6
{[%clk 0:00:14]} Nf6 {[%clk 0:00:06]} 49. Nb5 {[%clk 0:00:14]} Rc8
{[%clk 0:00:07]} 50. c7 {[%clk 0:00:15]} Nd5 {[%clk 0:00:08]} 51. Rc5
{[%clk 0:00:15]} Nxc7 {[%clk 0:00:05]} 52. Rxc7+ {[%clk 0:00:16]} Rxc7
{[%clk 0:00:07]} 53. Nxc7 {[%clk 0:00:17]} 1-0

[Event "Russian Blitz Championship (m)"]
[Site "Sochi"]
[Date "2022.10.14"]
[Round "9.9"]
[White "Tomashevsky, Evgeny"]
[Black "Turov, Maxim"]
[Result "1/2-1/2"]
[BlackElo "2465"]
[WhiteElo "2695"]
[LiveChessVersion "1.4.8"]

1. c4 {[%clk 0:03:03]} Nf6 {[%clk 0:03:02]} 2. Nf3 {[%clk 0:03:03]} e6
{[%clk 0:03:02]} 3. g3 {[%clk 0:03:03]} a6 {[%clk 0:03:04]} 4. Bg2
{[%clk 0:03:02]} b5 {[%clk 0:03:04]} 5. b3 {[%clk 0:03:00]} Bb7 {[%clk 0:03:05]}
6. O-O {[%clk 0:02:59]} c5 {[%clk 0:02:45]} 7. Nc3 {[%clk 0:02:59]} Qa5
{[%clk 0:02:40]} 8. Bb2 {[%clk 0:02:52]} Be7 {[%clk 0:02:39]} 9. e3
{[%clk 0:02:49]} O-O {[%clk 0:02:27]} 10. Qe2 {[%clk 0:02:50]} bxc4
{[%clk 0:02:23]} 11. bxc4 {[%clk 0:02:51]} Nc6 {[%clk 0:02:17]} 12. d4
{[%clk 0:02:41]} cxd4 {[%clk 0:02:08]} 13. exd4 {[%clk 0:02:42]} Ba3
{[%clk 0:01:57]} 14. d5 {[%clk 0:01:55]} exd5 {[%clk 0:01:49]} 15. Nxd5
{[%clk 0:01:47]} Nxd5 {[%clk 0:01:42]} 16. cxd5 {[%clk 0:01:47]} Rfe8
{[%clk 0:01:34]} 17. dxc6 {[%clk 0:00:56]} Rxe2 {[%clk 0:01:29]} 18. cxb7
{[%clk 0:00:57]} Rb8 {[%clk 0:01:27]} 19. Bxa3 {[%clk 0:00:58]} Qxa3
{[%clk 0:01:25]} 20. Rac1 {[%clk 0:00:59]} g6 {[%clk 0:00:33]} 21. Ng5
{[%clk 0:00:50]} Kg7 {[%clk 0:00:20]} 22. Bd5 {[%clk 0:00:15]} Qa5
{[%clk 0:00:13]} 23. Rfd1 {[%clk 0:00:06]} Rxb7 {[%clk 0:00:12]} 24. Bxb7
{[%clk 0:00:06]} Qxg5 {[%clk 0:00:12]} 25. Bxa6 {[%clk 0:00:05]} Rxa2
{[%clk 0:00:11]} 26. Bc4 {[%clk 0:00:06]} Rd2 {[%clk 0:00:08]} 27. Bf1
{[%clk 0:00:06]} d5 {[%clk 0:00:07]} 28. Rb1 {[%clk 0:00:06]} Rxd1
{[%clk 0:00:07]} 29. Rxd1 {[%clk 0:00:08]} Qe5 {[%clk 0:00:07]} 30. Bg2
{[%clk 0:00:08]} d4 {[%clk 0:00:09]} 31. h4 {[%clk 0:00:09]} h5 {[%clk 0:00:09]}
32. Bf1 {[%clk 0:00:09]} Qc5 {[%clk 0:00:10]} 33. Rd3 {[%clk 0:00:10]} Kf6
{[%clk 0:00:10]} 34. Rf3+ {[%clk 0:00:11]} Ke6 {[%clk 0:00:11]} 35. Bd3
{[%clk 0:00:12]} f5 {[%clk 0:00:12]} 36. Bf1 {[%clk 0:00:13]} Kf6
{[%clk 0:00:12]} 37. Bd3 {[%clk 0:00:13]} Qc1+ {[%clk 0:00:11]} 38. Bf1
{[%clk 0:00:14]} Qd2 {[%clk 0:00:11]} 39. Rd3 {[%clk 0:00:15]} Qb2
{[%clk 0:00:12]} 40. Rf3 {[%clk 0:00:16]} Ke5 {[%clk 0:00:12]} 41. Bd3
{[%clk 0:00:16]} Kd5 {[%clk 0:00:12]} 42. Kg2 {[%clk 0:00:15]} Kc5
{[%clk 0:00:12]} 43. Bf1 {[%clk 0:00:16]} Qd2 {[%clk 0:00:12]} 44. Rb3
{[%clk 0:00:15]} Qc1 {[%clk 0:00:11]} 45. Rd3 {[%clk 0:00:16]} Kd5
{[%clk 0:00:12]} 46. Rf3 {[%clk 0:00:16]} Ke5 {[%clk 0:00:03]} 1/2-1/2

[Event "Russian Blitz Championship (m)"]
[Site "Sochi"]
[Date "2022.10.14"]
[Round "9.10"]
[White "Chigaev, Maksim"]
[Black "Iljin, Timofey"]
[Result "1-0"]
[BlackElo "2404"]
[WhiteElo "2537"]
[LiveChessVersion "1.4.8"]

1. Nf3 {[%clk 0:03:03]} d5 {[%clk 0:03:03]} 2. c4 {[%clk 0:03:04]} d4
{[%clk 0:03:05]} 3. b4 {[%clk 0:03:05]} g5 {[%clk 0:03:06]} 4. h3
{[%clk 0:03:06]} h6 {[%clk 0:03:06]} 5. g3 {[%clk 0:03:05]} Bg7 {[%clk 0:03:00]}
6. d3 {[%clk 0:03:07]} e5 {[%clk 0:03:00]} 7. Bg2 {[%clk 0:03:07]} Ne7
{[%clk 0:02:59]} 8. Nbd2 {[%clk 0:03:07]} f5 {[%clk 0:02:52]} 9. g4
{[%clk 0:02:59]} e4 {[%clk 0:02:49]} 10. dxe4 {[%clk 0:02:52]} fxg4
{[%clk 0:02:47]} 11. hxg4 {[%clk 0:02:50]} Bxg4 {[%clk 0:02:47]} 12. Rb1
{[%clk 0:02:36]} Ng6 {[%clk 0:02:46]} 13. Nb3 {[%clk 0:02:25]} Nf4
{[%clk 0:02:43]} 14. Bxf4 {[%clk 0:02:23]} gxf4 {[%clk 0:02:44]} 15. b5
{[%clk 0:01:58]} Nd7 {[%clk 0:02:24]} 16. Nbxd4 {[%clk 0:01:47]} Nc5
{[%clk 0:02:24]} 17. Nf5 {[%clk 0:01:27]} Bc3+ {[%clk 0:02:18]} 18. Kf1
{[%clk 0:01:28]} Qf6 {[%clk 0:01:46]} 19. Qd5 {[%clk 0:01:18]} Ne6
{[%clk 0:01:11]} 20. Qxb7 {[%clk 0:01:01]} Kf7 {[%clk 0:01:12]} 21. Bh3
{[%clk 0:00:41]} Bxf3 {[%clk 0:01:01]} 22. exf3 {[%clk 0:00:42]} Rad8
{[%clk 0:01:00]} 23. c5 {[%clk 0:00:34]} Rd2 {[%clk 0:00:55]} 24. Nd6+
{[%clk 0:00:29]} Ke7 {[%clk 0:00:46]} 25. Bxe6 {[%clk 0:00:21]} Qxe6
{[%clk 0:00:27]} 26. Qxc7+ {[%clk 0:00:21]} Kf6 {[%clk 0:00:29]} 27. Qc6
{[%clk 0:00:06]} Bd4 {[%clk 0:00:24]} 28. e5+ {[%clk 0:00:07]} Ke7
{[%clk 0:00:13]} 29. Qc7+ {[%clk 0:00:05]} Kf8 {[%clk 0:00:05]} 30. Qd8+
{[%clk 0:00:06]} Kg7 {[%clk 0:00:06]} 31. Rg1+ {[%clk 0:00:07]} Kh7
{[%clk 0:00:08]} 32. Qc7+ {[%clk 0:00:08]} 1-0

[Event "Russian Blitz Championship (m)"]
[Site "Sochi"]
[Date "2022.10.14"]
[Round "9.11"]
[White "Zablotsky, Sergei"]
[Black "Savchenko, Boris"]
[Result "0-1"]
[BlackElo "2530"]
[WhiteElo "2439"]
[LiveChessVersion "1.4.8"]

1. Nf3 {[%clk 0:03:04]} c5 {[%clk 0:03:03]} 2. c4 {[%clk 0:02:55]} Nf6
{[%clk 0:03:02]} 3. e3 {[%clk 0:02:55]} Nc6 {[%clk 0:03:00]} 4. d4
{[%clk 0:02:54]} cxd4 {[%clk 0:02:54]} 5. exd4 {[%clk 0:02:54]} d5
{[%clk 0:02:55]} 6. Nc3 {[%clk 0:02:34]} Be6 {[%clk 0:02:55]} 7. c5
{[%clk 0:01:57]} g6 {[%clk 0:02:55]} 8. Be2 {[%clk 0:01:57]} Bg7 {[%clk 0:02:54]}
9. O-O {[%clk 0:01:57]} O-O {[%clk 0:02:54]} 10. a3 {[%clk 0:01:52]} Ne4
{[%clk 0:02:54]} 11. Be3 {[%clk 0:01:39]} f5 {[%clk 0:02:54]} 12. g3
{[%clk 0:01:12]} Bf7 {[%clk 0:02:46]} 13. Re1 {[%clk 0:00:54]} Rc8
{[%clk 0:02:42]} 14. Rc1 {[%clk 0:00:43]} Nxc5 {[%clk 0:02:38]} 15. dxc5
{[%clk 0:00:40]} d4 {[%clk 0:02:39]} 16. Bd2 {[%clk 0:00:40]} dxc3
{[%clk 0:02:31]} 17. Bxc3 {[%clk 0:00:41]} e5 {[%clk 0:02:28]} 18. Bb5
{[%clk 0:00:30]} e4 {[%clk 0:02:26]} 19. Bxg7 {[%clk 0:00:30]} Kxg7
{[%clk 0:02:25]} 20. Bxc6 {[%clk 0:00:30]} bxc6 {[%clk 0:02:20]} 21. Ne5
{[%clk 0:00:31]} Bd5 {[%clk 0:02:19]} 22. Qd4 {[%clk 0:00:31]} Qf6
{[%clk 0:02:20]} 23. Red1 {[%clk 0:00:30]} Rfd8 {[%clk 0:02:18]} 24. Nc4
{[%clk 0:00:27]} Bxc4 {[%clk 0:02:09]} 25. Qxf6+ {[%clk 0:00:23]} Kxf6
{[%clk 0:02:10]} 26. Rxd8 {[%clk 0:00:24]} Rxd8 {[%clk 0:02:11]} 27. Rxc4
{[%clk 0:00:26]} Rd1+ {[%clk 0:02:11]} 28. Kg2 {[%clk 0:00:26]} Rd2
{[%clk 0:02:12]} 29. b4 {[%clk 0:00:17]} e3 {[%clk 0:02:12]} 30. Kf3
{[%clk 0:00:18]} e2 {[%clk 0:02:13]} 0-1

[Event "Russian Blitz Championship (m)"]
[Site "Sochi"]
[Date "2022.10.14"]
[Round "9.12"]
[White "Shubin, Kirill"]
[Black "Petrov, Nikita"]
[Result "0-1"]
[BlackElo "2528"]
[WhiteElo "2416"]
[LiveChessVersion "1.4.8"]

1. e4 {[%clk 0:03:04]} e5 {[%clk 0:03:03]} 2. Nf3 {[%clk 0:03:04]} Nc6
{[%clk 0:03:04]} 3. Bb5 {[%clk 0:03:06]} a6 {[%clk 0:03:05]} 4. Ba4
{[%clk 0:03:07]} Bc5 {[%clk 0:03:06]} 5. c3 {[%clk 0:03:03]} Nge7
{[%clk 0:03:06]} 6. O-O {[%clk 0:03:03]} Ng6 {[%clk 0:03:07]} 7. d4
{[%clk 0:03:01]} Ba7 {[%clk 0:03:08]} 8. Bg5 {[%clk 0:02:59]} f6 {[%clk 0:03:09]}
9. Be3 {[%clk 0:03:00]} O-O {[%clk 0:03:05]} 10. Nbd2 {[%clk 0:02:58]} d6
{[%clk 0:03:04]} 11. h3 {[%clk 0:02:57]} Kh8 {[%clk 0:02:55]} 12. Re1
{[%clk 0:02:45]} exd4 {[%clk 0:02:38]} 13. cxd4 {[%clk 0:02:39]} Nce7
{[%clk 0:02:39]} 14. Bc2 {[%clk 0:02:31]} c6 {[%clk 0:02:38]} 15. Nf1
{[%clk 0:01:47]} f5 {[%clk 0:02:23]} 16. exf5 {[%clk 0:01:40]} Bxf5
{[%clk 0:01:57]} 17. Bg5 {[%clk 0:01:36]} Qd7 {[%clk 0:01:52]} 18. Bxe7
{[%clk 0:01:28]} Nxe7 {[%clk 0:01:52]} 19. Ng3 {[%clk 0:01:25]} Bxc2
{[%clk 0:01:31]} 20. Qxc2 {[%clk 0:01:26]} Ng6 {[%clk 0:01:31]} 21. Rad1
{[%clk 0:01:13]} Rae8 {[%clk 0:01:29]} 22. Rxe8 {[%clk 0:01:06]} Qxe8
{[%clk 0:01:07]} 23. Re1 {[%clk 0:00:57]} Qf7 {[%clk 0:01:07]} 24. a4
{[%clk 0:00:39]} h6 {[%clk 0:01:06]} 25. Nh5 {[%clk 0:00:27]} Bb8
{[%clk 0:00:47]} 26. Ng3 {[%clk 0:00:18]} d5 {[%clk 0:00:46]} 27. Ne5
{[%clk 0:00:10]} Bxe5 {[%clk 0:00:28]} 28. dxe5 {[%clk 0:00:11]} Re8
{[%clk 0:00:29]} 29. Qc3 {[%clk 0:00:07]} Re6 {[%clk 0:00:30]} 30. Qd4
{[%clk 0:00:05]} Qe7 {[%clk 0:00:23]} 31. f4 {[%clk 0:00:06]} Qh4
{[%clk 0:00:24]} 32. f5 {[%clk 0:00:04]} Qxd4+ {[%clk 0:00:24]} 0-1

[Event "Russian Blitz Championship (m)"]
[Site "Sochi"]
[Date "2022.10.14"]
[Round "9.13"]
[White "Kukhmazov, Arsen"]
[Black "Kezin, Roman"]
[Result "1-0"]
[BlackElo "2503"]
[WhiteElo "2395"]
[LiveChessVersion "1.4.8"]

1. d4 {[%clk 0:03:03]} d5 {[%clk 0:03:03]} 2. c4 {[%clk 0:03:04]} e6
{[%clk 0:03:05]} 3. Nf3 {[%clk 0:03:05]} Nf6 {[%clk 0:03:06]} 4. g3
{[%clk 0:03:07]} Be7 {[%clk 0:02:58]} 5. Bg2 {[%clk 0:03:08]} O-O
{[%clk 0:02:58]} 6. O-O {[%clk 0:03:08]} dxc4 {[%clk 0:02:59]} 7. Qc2
{[%clk 0:03:09]} b5 {[%clk 0:02:44]} 8. a4 {[%clk 0:03:10]} b4 {[%clk 0:02:46]}
9. Nfd2 {[%clk 0:03:12]} c6 {[%clk 0:02:39]} 10. Nxc4 {[%clk 0:03:12]} Qxd4
{[%clk 0:02:40]} 11. Rd1 {[%clk 0:03:09]} Qc5 {[%clk 0:02:40]} 12. Be3
{[%clk 0:03:09]} Qh5 {[%clk 0:02:41]} 13. Nbd2 {[%clk 0:03:10]} Ba6
{[%clk 0:02:31]} 14. Nf3 {[%clk 0:02:57]} Nd5 {[%clk 0:02:28]} 15. Bd2
{[%clk 0:02:17]} Nd7 {[%clk 0:02:11]} 16. e4 {[%clk 0:02:10]} N5b6
{[%clk 0:01:49]} 17. Nxb6 {[%clk 0:01:39]} Nxb6 {[%clk 0:01:33]} 18. Nd4
{[%clk 0:01:40]} Rac8 {[%clk 0:01:08]} 19. Nxc6 {[%clk 0:01:18]} Rxc6
{[%clk 0:01:06]} 20. Qxc6 {[%clk 0:01:18]} Rc8 {[%clk 0:01:07]} 21. Rdc1
{[%clk 0:00:35]} Rxc6 {[%clk 0:01:06]} 22. Rxc6 {[%clk 0:00:36]} Qe5
{[%clk 0:00:19]} 23. a5 {[%clk 0:00:30]} Qxb2 {[%clk 0:00:18]} 24. Rd1
{[%clk 0:00:31]} Bb5 {[%clk 0:00:03]} 25. Rc7 {[%clk 0:00:30]} Bd8
{[%clk 0:00:03]} 26. axb6 {[%clk 0:00:28]} Bxc7 27. bxc7 {[%clk 0:00:30]} Ba6
{[%clk 0:00:04]} 28. Bc3 {[%clk 0:00:23]} 1-0

[Event "Russian Blitz Championship (m)"]
[Site "Sochi"]
[Date "2022.10.14"]
[Round "9.14"]
[White "Shcherbin, Matvei"]
[Black "Zakhartsov, Vladimir"]
[Result "0-1"]
[BlackElo "2492"]
[WhiteElo "2308"]
[LiveChessVersion "1.4.8"]

1. e4 {[%clk 0:03:02]} c5 {[%clk 0:02:58]} 2. c3 {[%clk 0:03:03]} Nf6
{[%clk 0:02:56]} 3. e5 {[%clk 0:03:05]} Nd5 4. d4 cxd4 {[%clk 0:02:58]} 5. Nf3
{[%clk 0:03:08]} e6 {[%clk 0:03:00]} 6. cxd4 {[%clk 0:03:09]} d6 {[%clk 0:03:01]}
7. a3 {[%clk 0:03:10]} Bd7 {[%clk 0:03:00]} 8. Bd3 {[%clk 0:03:11]} Bc6
{[%clk 0:03:01]} 9. O-O {[%clk 0:03:11]} Nd7 {[%clk 0:03:02]} 10. b4
{[%clk 0:03:13]} a6 {[%clk 0:03:02]} 11. Nbd2 {[%clk 0:03:12]} Be7
{[%clk 0:02:48]} 12. Nc4 {[%clk 0:03:13]} dxe5 {[%clk 0:02:45]} 13. Nfxe5
{[%clk 0:03:14]} Nxe5 {[%clk 0:02:37]} 14. Nxe5 {[%clk 0:03:11]} Bb5
{[%clk 0:02:35]} 15. Bxb5+ {[%clk 0:02:57]} axb5 {[%clk 0:02:36]} 16. Qd3
{[%clk 0:02:58]} Qb6 {[%clk 0:02:30]} 17. Bb2 {[%clk 0:02:53]} Rd8
{[%clk 0:02:24]} 18. f4 {[%clk 0:02:22]} Bf6 {[%clk 0:02:05]} 19. Ng4
{[%clk 0:02:07]} Be7 {[%clk 0:01:58]} 20. f5 {[%clk 0:02:04]} O-O
{[%clk 0:01:46]} 21. fxe6 {[%clk 0:02:04]} Qxe6 {[%clk 0:01:42]} 22. h3
{[%clk 0:01:53]} Qb6 {[%clk 0:01:19]} 23. Rae1 {[%clk 0:01:38]} Bd6
{[%clk 0:01:19]} 24. Rf5 {[%clk 0:01:32]} Bb8 {[%clk 0:01:20]} 25. Rh5
{[%clk 0:01:27]} h6 {[%clk 0:01:12]} 26. Qf3 {[%clk 0:01:21]} Nf4
{[%clk 0:01:00]} 27. Rf5 {[%clk 0:01:22]} Ne6 {[%clk 0:01:00]} 28. Rf1
{[%clk 0:00:43]} Nxd4 {[%clk 0:00:49]} 29. Bxd4 {[%clk 0:00:44]} Rxd4
{[%clk 0:00:44]} 30. Kh1 {[%clk 0:00:45]} Qc7 {[%clk 0:00:41]} 31. g3 Qxg3
{[%clk 0:00:34]} 32. Qxg3 {[%clk 0:00:13]} Bxg3 {[%clk 0:00:34]} 33. Rg1
{[%clk 0:00:14]} Rd3 {[%clk 0:00:31]} 34. Rxb5 {[%clk 0:00:09]} f5
{[%clk 0:00:28]} 35. Nf2 {[%clk 0:00:03]} Bxf2 {[%clk 0:00:26]} 0-1

[Event "Russian Blitz Championship (m)"]
[Site "Sochi"]
[Date "2022.10.14"]
[Round "9.15"]
[White "Lugovskoy, Maxim"]
[Black "Gontcharov, Vladislav"]
[Result "1/2-1/2"]
[BlackElo "2488"]
[WhiteElo "2394"]
[LiveChessVersion "1.4.8"]

1. d4 {[%clk 0:03:02]} Nf6 {[%clk 0:03:02]} 2. Nc3 {[%clk 0:03:02]} d5
{[%clk 0:03:01]} 3. Bf4 {[%clk 0:03:02]} c6 {[%clk 0:02:55]} 4. e3
{[%clk 0:03:03]} Bf5 {[%clk 0:02:53]} 5. f3 {[%clk 0:03:04]} Bg6 {[%clk 0:02:51]}
6. g4 {[%clk 0:03:05]} h6 {[%clk 0:02:37]} 7. h4 {[%clk 0:03:06]} e6
{[%clk 0:02:36]} 8. h5 {[%clk 0:03:07]} Bh7 {[%clk 0:02:37]} 9. Bd3
{[%clk 0:03:07]} Bxd3 {[%clk 0:02:30]} 10. cxd3 {[%clk 0:03:08]} Bd6
{[%clk 0:02:17]} 11. Nge2 {[%clk 0:03:09]} Qe7 {[%clk 0:02:15]} 12. Qd2
{[%clk 0:02:49]} Nbd7 {[%clk 0:02:10]} 13. O-O-O {[%clk 0:02:49]} e5
{[%clk 0:02:01]} 14. dxe5 {[%clk 0:02:50]} Nxe5 {[%clk 0:02:02]} 15. Rhf1
{[%clk 0:02:37]} O-O-O {[%clk 0:01:55]} 16. Kb1 {[%clk 0:02:38]} Rhe8
{[%clk 0:01:48]} 17. Rc1 {[%clk 0:02:36]} Kb8 {[%clk 0:01:49]} 18. Nd4
{[%clk 0:02:36]} g6 {[%clk 0:00:54]} 19. hxg6 {[%clk 0:02:37]} fxg6
{[%clk 0:00:55]} 20. Bxh6 {[%clk 0:02:37]} Ned7 {[%clk 0:00:44]} 21. Qc2
{[%clk 0:02:31]} Rc8 {[%clk 0:00:44]} 22. Na4 {[%clk 0:02:13]} Ng8
{[%clk 0:00:44]} 23. Bf4 {[%clk 0:02:00]} Bxf4 {[%clk 0:00:44]} 24. exf4
{[%clk 0:02:01]} Qe3 {[%clk 0:00:45]} 25. Nc5 {[%clk 0:01:39]} Nxc5
{[%clk 0:00:40]} 26. Qxc5 {[%clk 0:01:40]} Qxf4 {[%clk 0:00:40]} 27. Rfe1
{[%clk 0:01:40]} Rxe1 {[%clk 0:00:30]} 28. Rxe1 {[%clk 0:01:41]} Qd2
{[%clk 0:00:31]} 29. Qc3 {[%clk 0:01:43]} Qf2 {[%clk 0:00:23]} 30. a4
{[%clk 0:01:29]} a6 {[%clk 0:00:19]} 31. Nb3 {[%clk 0:01:14]} c5 {[%clk 0:00:12]}
32. Re6 {[%clk 0:00:55]} d4 {[%clk 0:00:07]} 33. Qc4 {[%clk 0:00:53]} Qxf3
{[%clk 0:00:07]} 34. Ka2 {[%clk 0:00:37]} Nf6 {[%clk 0:00:07]} 35. Nxc5
{[%clk 0:00:23]} Qd5 {[%clk 0:00:07]} 36. Qxd5 {[%clk 0:00:06]} Nxd5
{[%clk 0:00:08]} 37. Nd7+ {[%clk 0:00:06]} Kc7 {[%clk 0:00:08]} 38. Ne5
{[%clk 0:00:07]} g5 {[%clk 0:00:08]} 39. Kb3 {[%clk 0:00:07]} Rg8
{[%clk 0:00:04]} 40. Rh6 {[%clk 0:00:07]} Rg7 {[%clk 0:00:05]} 41. Kc4
{[%clk 0:00:08]} Nb6+ {[%clk 0:00:05]} 42. Kxd4 {[%clk 0:00:08]} Nxa4
{[%clk 0:00:06]} 43. Nc4 {[%clk 0:00:07]} b5 {[%clk 0:00:06]} 44. Ne3
{[%clk 0:00:07]} Nxb2 {[%clk 0:00:06]} 45. Nd5+ {[%clk 0:00:08]} Kb7
{[%clk 0:00:07]} 46. Nb4 {[%clk 0:00:04]} a5 {[%clk 0:00:07]} 47. Nc6
{[%clk 0:00:05]} a4 {[%clk 0:00:07]} 48. Kc3 {[%clk 0:00:06]} a3 {[%clk 0:00:08]}
49. Kb3 {[%clk 0:00:08]} Rc7 {[%clk 0:00:08]} 50. Na5+ {[%clk 0:00:08]} Ka7
{[%clk 0:00:07]} 51. Kxa3 {[%clk 0:00:06]} Nxd3 {[%clk 0:00:08]} 52. Nc6+
{[%clk 0:00:07]} Kb7 {[%clk 0:00:09]} 53. Nd4 {[%clk 0:00:07]} Rc3+
{[%clk 0:00:09]} 54. Ka2 {[%clk 0:00:08]} Rc4 {[%clk 0:00:10]} 55. Nxb5
{[%clk 0:00:07]} Rxg4 {[%clk 0:00:11]} 56. Nd6+ {[%clk 0:00:08]} Kc7
{[%clk 0:00:12]} 57. Nf5 {[%clk 0:00:08]} Ne5 {[%clk 0:00:11]} 58. Kb3
{[%clk 0:00:07]} Rf4 {[%clk 0:00:12]} 59. Ng7 {[%clk 0:00:07]} Kd7
{[%clk 0:00:13]} 60. Nh5 {[%clk 0:00:07]} Rf3+ {[%clk 0:00:13]} 61. Kb4
{[%clk 0:00:08]} g4 {[%clk 0:00:14]} 62. Kc5 {[%clk 0:00:08]} g3 {[%clk 0:00:15]}
63. Rh7+ {[%clk 0:00:03]} Rf7 {[%clk 0:00:11]} 1/2-1/2

[Event "Russian Blitz Championship (m)"]
[Site "Sochi"]
[Date "2022.10.14"]
[Round "9.16"]
[White "Bocharov, Dmitry"]
[Black "Bryakin, Mikhail"]
[Result "0-1"]
[BlackElo "2367"]
[WhiteElo "2484"]
[LiveChessVersion "1.4.8"]

1. Nf3 {[%clk 0:03:00]} d5 {[%clk 0:03:03]} 2. g3 {[%clk 0:02:57]} Nf6
{[%clk 0:03:03]} 3. Bg2 {[%clk 0:02:59]} c6 {[%clk 0:03:04]} 4. O-O
{[%clk 0:02:57]} Bf5 {[%clk 0:03:05]} 5. d3 {[%clk 0:02:50]} e6 {[%clk 0:03:05]}
6. c4 {[%clk 0:02:43]} dxc4 {[%clk 0:03:04]} 7. dxc4 {[%clk 0:02:44]} Qxd1
{[%clk 0:03:04]} 8. Rxd1 {[%clk 0:02:45]} Nbd7 {[%clk 0:03:05]} 9. Nc3
{[%clk 0:02:40]} Bb4 {[%clk 0:03:04]} 10. Bd2 {[%clk 0:02:32]} h6
{[%clk 0:03:01]} 11. a3 {[%clk 0:02:27]} Be7 {[%clk 0:02:48]} 12. b4
{[%clk 0:02:09]} Rc8 {[%clk 0:02:41]} 13. Nd4 {[%clk 0:01:35]} Bh7
{[%clk 0:02:41]} 14. b5 {[%clk 0:01:36]} c5 {[%clk 0:02:01]} 15. Nf3
{[%clk 0:01:16]} O-O {[%clk 0:01:36]} 16. a4 {[%clk 0:01:16]} a5 {[%clk 0:01:12]}
17. Bf4 {[%clk 0:00:49]} b6 {[%clk 0:00:31]} 18. Ne5 {[%clk 0:00:26]} Nxe5
{[%clk 0:00:31]} 19. Bxe5 {[%clk 0:00:27]} Ng4 {[%clk 0:00:20]} 20. Bd6
{[%clk 0:00:23]} Bxd6 {[%clk 0:00:21]} 21. Rxd6 {[%clk 0:00:24]} Rb8
{[%clk 0:00:22]} 22. Rc1 {[%clk 0:00:07]} Rfd8 {[%clk 0:00:21]} 23. Rc6
{[%clk 0:00:04]} Ne5 {[%clk 0:00:22]} 24. Rc7 {[%clk 0:00:05]} Nxc4
{[%clk 0:00:20]} 25. Be4 {[%clk 0:00:06]} Bxe4 {[%clk 0:00:13]} 26. Nxe4
{[%clk 0:00:07]} Nd6 {[%clk 0:00:12]} 27. Nc3 {[%clk 0:00:06]} Ne8
{[%clk 0:00:09]} 28. Rc6 {[%clk 0:00:05]} Rd4 {[%clk 0:00:09]} 29. Rb1
{[%clk 0:00:03]} Kf8 {[%clk 0:00:07]} 30. e3 {[%clk 0:00:04]} Rd3
{[%clk 0:00:07]} 31. Rc1 {[%clk 0:00:05]} Ke7 {[%clk 0:00:08]} 32. Ne4
{[%clk 0:00:05]} f5 {[%clk 0:00:07]} 33. Nc3 {[%clk 0:00:05]} Rd6
{[%clk 0:00:07]} 34. e4 {[%clk 0:00:05]} Rxc6 {[%clk 0:00:05]} 35. bxc6
{[%clk 0:00:06]} Kd6 {[%clk 0:00:06]} 36. exf5 {[%clk 0:00:04]} exf5
{[%clk 0:00:07]} 37. Re1 {[%clk 0:00:05]} Kxc6 {[%clk 0:00:07]} 38. Re7
{[%clk 0:00:06]} Nd6 {[%clk 0:00:05]} 39. Rxg7 {[%clk 0:00:07]} b5
{[%clk 0:00:07]} 40. axb5+ {[%clk 0:00:08]} Nxb5 {[%clk 0:00:08]} 41. Rg6+
{[%clk 0:00:09]} Nd6 {[%clk 0:00:09]} 42. Rxh6 {[%clk 0:00:09]} Rb3
{[%clk 0:00:10]} 43. Na4 {[%clk 0:00:04]} Rb4 {[%clk 0:00:07]} 44. Nc3
{[%clk 0:00:04]} a4 {[%clk 0:00:07]} 45. Rh8 {[%clk 0:00:05]} Rc4
{[%clk 0:00:08]} 46. Ne2 {[%clk 0:00:04]} Kb7 {[%clk 0:00:05]} 47. Rd8 Nb5 48.
Rd1 a3 0-1